| 000 | 00500nam a22001937a 4500 | ||
|---|---|---|---|
| 003 | CEME | ||
| 005 | 20210628205045.0 | ||
| 008 | 210114b xxu||||| |||| 00| 0 eng d | ||
| 020 | _a9780070472426 | ||
| 040 | _c. | ||
| 082 | _a658.4038 LUC | ||
| 100 |
_aLucas, Henry C Jr _973677 |
||
| 245 | _aInformation technology for management | ||
| 250 | _a7TH | ||
| 260 |
_aINDIA _bMCGRAW HILL _c2014 |
||
| 300 | _aXXI, 730P | ||
| 650 |
_aINFORMATION TECHNOLOGY FOR MANAGEMENT _973678 |
||
| 942 |
_cBK _2ddc |
||
| 999 |
_c579330 _d579330 |
||